000 00424nam a2200145Ia 4500
008 241217s9999||||xx |||||||||||||| ||und||
020 _a0034-0383/082020
_c14.7
040 _beng
_cSSK Library
_erda
082 _a-
245 0 _aReader's Digest: August 2020 (Vol. 118, No. 690)
260 _b Reader's Digest Asia Pte. Ltd.
_c©2020
942 _2Dewey Decimal Classification
_cBOOK
_nNo
999 _c27936
_d27936
003 OSt
005 20241217113100.0